[Event "GER-chT U12"]
[Site "Gross Doelln"]
[Date "2010.12.28"]
[Round "3.4"]
[White "Hoffmann, Fabian"]
[Black "Terwel, Diederick"]
[Result "1-0"]
[WhiteElo "1262"]
[BlackElo "1028"]
[PlyCount "81"]
[EventDate "2010.12.27"]
[EventType "team-swiss"]
[EventRounds "7"]
[EventCountry "GER"]
[SourceTitle "CBM 140 Extra"]
[Source "ChessBase"]
[SourceDate "2011.03.01"]
[SourceVersion "1"]
[SourceVersionDate "2011.03.01"]
[SourceQuality "1"]
[WhiteTeam "Raesfeld Erle U12"]
[BlackTeam "Porz SG U12"]
[WhiteTeamCountry "GER"]
[BlackTeamCountry "GER"]

1. e4 d5 2. exd5 Qxd5 3. Nc3 Qa5 4. d4 Nf6 5. Bd2 c6 6. Bc4 Bf5 7. Nd5 Qd8 8. Nxf6+ exf6 9. Nf3 Bd6 10. 0-0 0-0 11. Re1 Bg4 12. h3 Bxf3 13. Qxf3 Bc7 14. d5 Be5 15. Bb4 Re8 16. Qe4 Nd7 17. Qf3 Bxb2 18. Rxe8+ Qxe8 19. Re1 Ne5 20. Qe2 Bd4 21. Kf1 Qd7 22. dxc6 Qxc6 23. Bb5 Qc8 24. Qe4 Bc5 25. Bxc5 Qxc5 26. Qxb7 Rf8 27. Bd3 Nxd3 28. cxd3 Qc2 29. Qb1 Qc8 30. Rc1 Qd8 31. Rc3 Qd6 32. g3 Qd5 33. Kg1 Re8 34. a4 h6 35. Rc7 Qa5 36. Qb7 Qxa4 37. Rxf7 Kh8 38. Rxg7 Qd1+ 39. Kg2 Qxd3 40. Rg4 a5 41. Qg7# 1-0

[Event "Twente Young Master op-E"]
[Site "Twente"]
[Date "2007.08.10"]
[Round "2"]
[White "Terwel, Diederick"]
[Black "Cox, Maud"]
[Result "1-0"]
[WhiteElo "781"]
[BlackElo "983"]
[PlyCount "61"]
[EventDate "2007.08.08"]
[EventType "swiss"]
[EventRounds "5"]
[EventCountry "NED"]
[SourceTitle "EXT 2008"]
[Source "ChessBase"]
[SourceDate "2007.11.25"]
[SourceVersion "1"]
[SourceVersionDate "2007.11.25"]
[SourceQuality "1"]

1. e4 e5 2. Nf3 Nc6 3. d4 d6 4. d5 Nf6 5. dxc6 bxc6 6. Bd3 d5 7. Qe2 Bg4 8. 0-0 dxe4 9. Bxe4 Nxe4 10. Qxe4 Be6 11. Qxc6+ Bd7 12. Qe4 Bd6 13. Nc3 0-0 14. Ng5 f5 15. Qh4 h6 16. Nf3 Qxh4 17. Nxh4 Rf6 18. Nd5 Rff8 19. Ng6 Rfb8 20. Re1 e4 21. b3 Rb5 22. c4 Bb4 23. Nge7+ Kf7 24. Re3 Rb7 25. Nxb4 Rxb4 26. Nd5 Rb7 27. f3 exf3 28. Rxf3 Re8 29. Bd2 c5 30. Rb1 Bc6 31. Rf2 1-0

[Event "Twente Young Master op-E"]
[Site "Twente"]
[Date "2007.08.10"]
[Round "3"]
[White "Vlaming, Halana"]
[Black "Terwel, Diederick"]
[Result "1-0"]
[WhiteElo "1061"]
[BlackElo "781"]
[PlyCount "55"]
[EventDate "2007.08.08"]
[EventType "swiss"]
[EventRounds "5"]
[EventCountry "NED"]
[SourceTitle "EXT 2008"]
[Source "ChessBase"]
[SourceDate "2007.11.25"]
[SourceVersion "1"]
[SourceVersionDate "2007.11.25"]
[SourceQuality "1"]

1. e4 e5 2. Nf3 d6 3. Nc3 Bg4 4. Be2 Bxf3 5. Bxf3 Nf6 6. d3 d5 7. Bg5 dxe4 8. dxe4 Qxd1+ 9. Nxd1 Nbd7 10. Nc3 Bb4 11. Bd2 Bxc3 12. Bxc3 0-0-0 13. 0-0 Nc5 14. Rfe1 Na4 15. Bxe5 Nxb2 16. Bxb2 Rd2 17. Bxf6 gxf6 18. Bg4+ Kd8 19. Rad1 Rxd1 20. Rxd1+ Ke8 21. Rd7 Rg8 22. Bh3 a5 23. Rxc7 b5 24. Rc8+ Ke7 25. Rxg8 b4 26. Rh8 Kd6 27. Rxh7 Kc6 28. Kf1 1-0

[Event "Twente Young Master op-E"]
[Site "Twente"]
[Date "2007.08.08"]
[Round "1"]
[White "Goedegebuur, Michel"]
[Black "Terwel, Diederick"]
[Result "1-0"]
[WhiteElo "1198"]
[BlackElo "781"]
[PlyCount "24"]
[EventDate "2007.08.08"]
[EventType "swiss"]
[EventRounds "5"]
[EventCountry "NED"]
[SourceTitle "EXT 2008"]
[Source "ChessBase"]
[SourceDate "2007.11.25"]
[SourceVersion "1"]
[SourceVersionDate "2007.11.25"]
[SourceQuality "1"]

1. e4 e5 2. Nf3 d6 3. Bb5+ c6 4. Bc4 Bg4 5. h3 Bxf3 6. Qxf3 Nf6 7. g4 h6 8. h4 Qd7 9. g5 hxg5 10. hxg5 Rxh1+ 11. Qxh1 Nh7 12. Qxh7 Qg4 1-0